000 00556nam a2200193Ia 4500
001 54912
008 120606n ii |||gr||||Z||||||465
020 _a81 8128 477 1
082 _a515
100 _aKevorkian,J.,
_eAuthor.
245 0 _aPartial Differential Equations :
_bAnalytical solution Techniques /
_cJ.Kevorkian .
_hTextual Documents
250 _a2nd ed.
260 _aNew Delhi:
_bSpringer (India) Pvt Ltd.
300 _a636p.
500 _aSent to Mathematics Department
653 _aAnalysis
653 _aD-Mathematics
942 _2ddc
_cBK
999 _c54860
_d54860